Handbook on identification of fruit flies in the tropics

Bibliographic Details
Other Authors: Abdul Ghani Ibrahim, Rohani Ibrahim
Format: Book
Published: Serdang : Penerbit Universiti Pertanian Malaysia, , 1990
Subjects:

MARC

LEADER 00000cam a2200000 7i4500
001 0000003204
005 20050310.0
020 0 0 |a 9679952592 
090 0 0 |a 595.7740913   |b HAN 
245 0 0 |a Handbook on identification of fruit flies in the tropics   |c editors Rohani Ibrahim and Abdul Ghani Ibrahim 
260 0 0 |a Serdang :   |b Penerbit Universiti Pertanian Malaysia, ,   |c 1990 
300 |a vii, 199p. :   |b ill. ;   |c 30cm. 
650 0 0 |a Fruit flies   |x Identification   |x Handbooks, manuals, etc. 
650 0 0 |a Fruit   |x Diseases and pests   |x Tropics 
650 0 0 |a Tephritidae   |x Identification   |x Handbooks, manuals, etc. 
700 1 1 |a Abdul Ghani Ibrahim 
700 1 1 |a Rohani Ibrahim 
999 |a 0000006126   |b Monograph   |c Open Shelf   |e Default branch